000 00289nam a22001337a 4500
008 181024b xxu||||| |||| 00| 0 eng d
020 _a0397520611
041 _aeng
080 _a610
100 _a4
101 _aSHM
245 _aManual Skin Diseases
_cSouer.C.C
942 _2udc
_cBK
999 _c50828
_d50828